Rachel Sennott Filmography - Statistics

General Stats
  • This quiz has been taken 8 times
  • The average score is 8 of 19
Answer Stats
Type of Media Year Answer % Correct
Horror-Comedy 2022 Bodies Bodies Bodies
100%
Comedy 2023 Bottoms
86%
Short 2018 Shiva Baby
86%
Dramedy 2020 Shiva Baby
86%
Drama 2023 I Used to Be Funny
57%
Miniseries 2023 The Idol
57%
Series of Shorts 2020 Ayo and Rachel Are Single
43%
TV Show 2021 Call Your Mother
43%
TV Show 2016-2020 High Maintenance
43%
Dramedy 2024 Saturday Night
43%
Dramedy 2020 Tahara
43%
Drama 2025 Bunnylovr
29%
Drama 2023 Finally Dawn
29%
Thriller-Comedy 2022 Susie Searches
29%
Short 2021 Appendage
14%
Series of Shorts 2020-2022 Bite Size Halloween
14%
Short 2019 Tabitha in Love
14%
TV Show 2021-2023 Teenage Euthanasia
14%
Short 2019 Wakey Wakey
14%
No matching quizzes found
Score Distribution
Percent of People with Each Score
Percentile by Number Answered
Your Score History
You have not taken this quiz